Principles of Marketing. (Record no. 3378)

MARC details
005 - DATE AND TIME OF LATEST TRANSACTION
control field 20250630072443.0
020 ## - INTERNATIONAL STANDARD BOOK NUMBER
International Standard Book Number 0-13-146918-5
082 ## - DEWEY DECIMAL CLASSIFICATION NUMBER
Classification number TEA. LECT 658.8 KOT
100 ## - MAIN ENTRY--PERSONAL NAME
Author name KOTLER, P.
245 ## - TITLE STATEMENT
Title Principles of Marketing.
250 ## - EDITION STATEMENT
Edition statement 11th Ed
260 ## - PUBLICATION, DISTRIBUTION, ETC.
Place of publication, distribution, etc. Australia,
Name of publisher, distributor, etc. Prentice Hall,
Date of publication, distribution, etc. 2006.
300 ## - PHYSICAL DESCRIPTION
Extent xx, 742p.: ill.; figure
Other physical details References & Glossary & Index
Dimensions 28cm.
700 ## - ADDED ENTRY--PERSONAL NAME
Other authors/Editors ARMSTRONG, G.
856 ## - ELECTRONIC LOCATION AND ACCESS
Link text Access Online Book
Electronic name Marketing
Path www.prenhall.com
942 ## - ADDED ENTRY ELEMENTS (KOHA)
Source of classification or shelving scheme Dewey Decimal Classification
Koha item type Books
Holdings
Date last seen Total checkouts Full call number Barcode Cost, replacement price Price effective from Koha item type Lost status Source of classification or shelving scheme Damaged status Not for loan Withdrawn status Home library Current library Shelving location Date acquired Cost, normal purchase price
06/29/2025   658.8 KOT DOM0004484 150000.00 06/29/2025 Books   Dewey Decimal Classification       CBE Dodoma CBE Dodoma General Collection 06/29/2017 50000.00
06/30/2025   658.8 KOT DOM0004511 150000.00 06/30/2025 Books   Dewey Decimal Classification       CBE Dodoma CBE Dodoma General Collection 06/29/2017 50000.00
06/07/2025   TEA. LECT 658.8 KOT 00000011385 405000.00 06/07/2025 Books   Dewey Decimal Classification       College of Business Education Main Library College of Business Education Main Library General Collection 11/22/2005 135000.00
06/07/2025   TEA. LECT 658.8 KOT 00000011394 405000.00 06/07/2025 Books   Dewey Decimal Classification       College of Business Education Main Library College of Business Education Main Library General Collection 11/22/2005 135000.00